| 000 | 01128cam a22003617a 4500 | ||
|---|---|---|---|
| 003 | CHAP | ||
| 005 | 20220817043450.0 | ||
| 008 | 980825d1995 it r 11 fre d | ||
| 010 | _a75997 | ||
| 011 | _a76969 | ||
| 020 | _a9252034285 | ||
| 035 | _a86564 | ||
| 040 | _cCHAP | ||
| 082 | 0 | 4 |
_a634.9 _bF3f v.114 |
| 110 | 2 | _aFAO | |
| 245 | 1 | 0 |
_aAnalyse d'impacts de projets forestiers : _bproblèmes et stratégies _c/par H. Gregersen (et al) |
| 260 |
_aRome: _bFAO, _c1995 |
||
| 300 |
_a73 p. : _bcuadros |
||
| 490 | 0 |
_aFAO. Montes _v; 114 |
|
| 590 |
_aBATCH-UPD _b10 _c20130110 _lUCH01 _h0849 |
||
| 590 |
_aBATCH-UPD _b10 _c20130410 _lUCH01 _h0521 |
||
| 590 |
_aBATCH-UPD _b10 _c20130914 _lUCH01 _h1351 |
||
| 590 |
_aCONVERSION _b10 _c20130109 _lUCH01 _h1342 |
||
| 650 | 1 | 4 |
_aPolítica forestal. _990563 |
| 700 | 0 |
_aArnold, J. E. Michael. _97269 |
|
| 700 | 0 |
_aGregersen, Hans M. _950599 |
|
| 700 | 0 |
_aLundgren, Allen L. _969149 |
|
| 830 | 0 |
_aFAO. Montes _v; 114 _939632 |
|
| 901 | _aBK | ||
| 905 | _aLilia Sánchez G. | ||
| 942 | _cLIBRO | ||
| 949 |
_a634.9 F3f v.114 _bBC _cFAO _d33724000698668 _eFAO1 _h93838 _i86564 _kDonaciØn _sb |
||
| 999 |
_c75997 _d75997 |
||